000
00300nam a2200121Ia 4500
008
191201s1996 xx 000 0 und d
100
_a
BISHNOI, Kishna Ram
245
0
_a
Guru Jambheswar : Vivid Aayam
260
_a
N. Delhi
_b
B.R.Pub
_c
1996
300
_a
178
650
_a
General Books
942
_2
ddc
_c
BK
999
_c
732
_d
732